| 000 | 00392nam a2200133Ia 4500 | ||
|---|---|---|---|
| 008 | 230516s2002 xx 000 0 und d | ||
| 041 | _aeng | ||
| 082 | _a796.334 WAR | ||
| 100 | _aWARD ADAM | ||
| 245 | _aJUNIOR FOOTBALL A COMPLETE COACHING GUIDE FOR THE YOUNG PLAYER | ||
| 260 |
_aLONDON _bBOUNTY BOOKS A DIVISION OF OCTOPUS PUBLISHING GROUP LTD. _c2002 |
||
| 300 | _a128 | ||
| 650 | _aSPORT | ||
| 999 |
_c360145 _d360145 |
||